Propuestas, visiones y análisis sobre la política de desarrollo rural en Colombia : (Registro nro. 4792)
[ vista simple ]
| 000 -LEADER | |
|---|---|
| fixed length control field | 01490nam a2200277Ia 4500 |
| 003 - CONTROL NUMBER IDENTIFIER | |
| control field | OSt |
| 005 - DATE AND TIME OF LATEST TRANSACTION | |
| control field | 20200513111956.0 |
| 008 - FIXED-LENGTH DATA ELEMENTS--GENERAL INFORMATION | |
| fixed length control field | 191128s2012 ck gr 000 0 spa d |
| 020 ## - INTERNATIONAL STANDARD BOOK NUMBER | |
| International Standard Book Number | 9789585747715 |
| 040 ## - CATALOGING SOURCE | |
| Original cataloging agency | CO-JMCR |
| Transcribing agency | CO-JMCR |
| 041 0# - LANGUAGE CODE | |
| Language code of text/sound track or separate title | spa |
| 082 04 - DEWEY DECIMAL CLASSIFICATION NUMBER | |
| Classification number | 307.1412 / |
| Edition number | M113p |
| Item number | 23 |
| 100 1# - MAIN ENTRY--PERSONAL NAME | |
| Personal name | Machado, C., Absalón, |
| Relator term | autor |
| 9 (RLIN) | 4238 |
| 245 10 - TITLE STATEMENT | |
| Title | Propuestas, visiones y análisis sobre la política de desarrollo rural en Colombia : |
| Remainder of title | voces de académicos y expertos / |
| Statement of responsibility, etc. | Absalón Machado C., Aurelio Suárez Montoya, Cecilia López Montaño, Juan Patricio Molina [y otros 3] |
| 250 ## - EDITION STATEMENT | |
| Edition statement | Primera edición |
| 260 ## - PUBLICATION, DISTRIBUTION, ETC. | |
| Place of publication, distribution, etc. | Bogotá : |
| Name of publisher, distributor, etc. | Oxfam, |
| Date of publication, distribution, etc. | 2012 |
| 300 ## - PHYSICAL DESCRIPTION | |
| Extent | 133 páginas ; |
| Dimensions | 27 cm. |
| 505 ## - FORMATTED CONTENTS NOTE | |
| Formatted contents note | Luces y sombras en el desarrollo rural. Reflexiones a la luz del proyecto de ley de tierras y desarrollo rural del gobierno de Santos -- Desarrollo rural, ¿camino para construir la paz? -- ¿Es el derecho de superficie instrumento para el desarrollo rural? |
| 520 ## - SUMMARY, ETC. | |
| Summary, etc. | Oxfam es una confederación internacional de 17 organizaciones que trabajan conjuntamente en 92 países como parte de un movimiento global por el cambio, con el objetivo de construir un futuro libre de la injusticia y la pobreza. |
| 650 14 - SUBJECT ADDED ENTRY--TOPICAL TERM | |
| Topical term or geographic name entry element | Desarrollo rural Agricultura |
| 9 (RLIN) | 4239 |
| 650 24 - SUBJECT ADDED ENTRY--TOPICAL TERM | |
| Topical term or geographic name entry element | Planificación rural |
| 9 (RLIN) | 4229 |
| 700 1# - ADDED ENTRY--PERSONAL NAME | |
| Personal name | Suárez Montoya, Aurelio, |
| Relator term | autor |
| 9 (RLIN) | 4240 |
| 700 1# - ADDED ENTRY--PERSONAL NAME | |
| Personal name | López Montaño, Cecilia, |
| Relator term | autor |
| 9 (RLIN) | 4241 |
| 700 1# - ADDED ENTRY--PERSONAL NAME | |
| Personal name | Molina, Juan Patricio, |
| Relator term | autor |
| 9 (RLIN) | 4242 |
| 942 ## - ADDED ENTRY ELEMENTS (KOHA) | |
| Source of classification or shelving scheme | Dewey Decimal Classification |
| Koha item type | Books |
| Withdrawn status | Lost status | Source of classification or shelving scheme | Materials specified (bound volume or other part) | Damaged status | Not for loan | Home library | Current library | Shelving location | Date acquired | Source of acquisition | Cost, normal purchase price | Total Checkouts | Full call number | Barcode | Date last seen | Copy number | Price effective from | Koha item type |
|---|---|---|---|---|---|---|---|---|---|---|---|---|---|---|---|---|---|---|
| Dewey Decimal Classification | Donación--15/04/2018-- | Biblioteca Pública José María del Castillo y Rada | Biblioteca Pública José María del Castillo y Rada | General Stacks | 11/28/2019 | Donación | 0.00 | 307.1412 / M113p | 430000475 | 05/16/2024 | Ej.1 | 11/28/2019 | Books |